00528nam a2200181Ia 450000500170000000800410001708200130005810000120007124500510008326000460013430000130018065000130019365000140020665000120022094200060023295200950023899900130033320240730030226.0240331s9999 xx 000 0 und d a294bRIC aRice, S 4aThe Buddha speaking here and nowcStanley Rice aKandybBuddhist Publication Societyc1981 a146 p ., aBuddhist a Religion aHistory cL 001040708LaWERCLbWERCLcSSCd2024-03-31l0o 294 RICp3188r2024-03-31w2024-03-31yL c902d902